Financial Accounting and Reporting: An International Approach (Record no. 1323)

MARC details
005 - DATE AND TIME OF LATEST TRANSACTION
control field 20250411155600.0
020 ## - INTERNATIONAL STANDARD BOOK NUMBER
International Standard Book Number 978-007712171-6
082 ## - DEWEY DECIMAL CLASSIFICATION NUMBER
Classification number 657 DEE
100 ## - MAIN ENTRY--PERSONAL NAME
Author name DEEGAN, C.
245 ## - TITLE STATEMENT
Title Financial Accounting and Reporting: An International Approach
260 ## - PUBLICATION, DISTRIBUTION, ETC.
Place of publication, distribution, etc. New York,
Name of publisher, distributor, etc. McGraw-Hill,
Date of publication, distribution, etc. 2013.
300 ## - PHYSICAL DESCRIPTION
Extent xv, 849p.: ill.; table.
Other physical details Index, references.
Dimensions 26cm.
700 ## - ADDED ENTRY--PERSONAL NAME
Other authors/Editors WARD, A. M.
856 ## - ELECTRONIC LOCATION AND ACCESS
Link text Access online book
Electronic name Accounting
Path www.mcgraw-hill.co.uk
942 ## - ADDED ENTRY ELEMENTS (KOHA)
Source of classification or shelving scheme Dewey Decimal Classification
Koha item type Books
Holdings
Date last seen Total checkouts Full call number Barcode Cost, replacement price Price effective from Koha item type Lost status Source of classification or shelving scheme Damaged status Not for loan Withdrawn status Home library Current library Shelving location Date acquired Cost, normal purchase price
04/11/2025   657 DEE 0000005074 200814.00 04/11/2025 Books   Dewey Decimal Classification       College of Business Education Main Library College of Business Education Main Library General Collection 04/11/2025 66938.00
04/11/2025   657 DEE 0000005075 200814.00 04/11/2025 Books   Dewey Decimal Classification       College of Business Education Main Library College of Business Education Main Library General Collection 04/11/2025 66938.00
04/11/2025   657 DEE 0000005076 200814.00 04/11/2025 Books   Dewey Decimal Classification       College of Business Education Main Library College of Business Education Main Library General Collection 04/11/2025 66938.00